Monopoly Board to Country - Click Quiz #3 - Statistics

General Stats
  • This quiz has been taken 1,442 times
  • The average score is 14 of 20
Answer Stats
Hint Answer % Correct
Australia
93%
Malaysia
88%
Albania
83%
Estonia
81%
Syria
79%
Belgium
76%
Mexico
76%
Denmark
75%
Indonesia
74%
Taiwan
74%
Lithuania
71%
Lebanon
67%
South Korea
66%
Uruguay
66%
Zimbabwe
66%
Suriname
65%
Czech Republic
64%
Serbia
59%
Romania
56%
Bulgaria
54%
No matching quizzes found
Score Distribution
Percent of People with Each Score
Percentile by Number Answered
Your Score History
You have not taken this quiz